Statistics for DOS Commands

Click here to take the quiz!

General Stats

  • This quiz has been taken 19 times
  • The average score is 9 of 24

Answer Stats

HintCommand% Correct
Change active folderchdir
82%
Duplicate one or more filescopy
82%
Relocate one or more filesmove
76%
Clear the screencls
59%
Display contents of a folderdir
59%
Create a foldermkdir
59%
Delete a folderrmdir
53%
View and modify a fileedit
47%
Erase and prepare a diskformat
41%
Check the filesystemchkdsk
35%
System configuration fileconfig.sys
35%
Create programs in BASICqbasic
35%
Display a file's contentstype
35%
Organize data sequentially for performancedefrag
29%
Partition a diskfdisk
29%
List of commands to run at startupautoexec.bat
24%
Delete a folder and all subfoldersdeltree
24%
View and modify a file one line at a timeedlin
12%
Like above, but also checks for bad sectorsscandisk
12%
Duplicate an entire folder treexcopy
12%
Copy an entire disk to another diskdiskcopy
6%
DOS graphical interfacedosshell
6%
Optimize and reduce memory usagememmaker
6%
Diagnostics utilitymsd
6%

Score Distribution

Percentile by Number Answered

Percent of People with Each Score

Your Score History

You have not taken this quiz